| 000 | 00632nam a2200205Ia 4500 | ||
|---|---|---|---|
| 003 | GCL | ||
| 008 | 140319s9999 xx 000 0 ara d | ||
| 040 |
_aGCL / _cGCL |
||
| 082 | 0 | 4 |
_aق _b953.07393 _bح ن |
| 245 | 1 | 0 | _aنورالدين محمود: سيرة مجاهد صادق |
| 260 |
_a[S.N] : _bالدار السعودية للنشر والتوزيع ، _c1984 |
||
| 300 | _a417 ص | ||
| 490 | _a | ||
| 650 | 0 | 4 | _aالحروب الصليبية |
| 650 | 0 | 4 | _aالتاريخ الاسلامى |
| 650 | 0 | 4 | _aالدولة الايوبية |
| 650 | 0 | 4 | _aالجهاد |
| 650 | 0 | 4 | _aنورالدين محمود |
| 942 |
_2ddc _cBK |
||
| 999 |
_c36235 _d36235 |
||